Двойната спирала (Запис номер 185420)
[ съкратено ]
| 000 -Лидер | |
|---|---|
| Контролно поле с фиксирана дължина | 02219nam a2200421 a 4500 |
| 003 - Код на организацията, давaща контролен номер | |
| Контролно поле | BLK |
| 005 - Дата и час на последна редакция | |
| Контролно поле | 20231102163254.0 |
| 008 - Елементи от данни с фиксирана дължина | |
| fixed length control field | 180411b bul|||||r ||||||| ||bul|| |
| 010 ## - Наследен системен номер | |
| LC control number | KNG00194413000 |
| 040 ## - Източник на каталожния запис | |
| Идентификатор на билиотеката - собственик на записа | BLK |
| 041 ## - Код за език | |
| Код за езика на текст/звукозапис или на отделно заглавие | Български |
| Код за езика КДБФ | Български |
| 080 ## - УДК | |
| Текстов определител УДК | Молекулярни основи на живота. Молекулярна биология. Генно инженерство (теория, методи) вж и 573.6 |
| УДК код - определител по УДК | 577.2 |
| УДК определител | (02.062) |
| УДК - код + определител | 577.2(02.062) |
| 080 ## - УДК | |
| Текстов определител УДК | Наследственост. Онаследяване - Ядрена наследственост - ген, генетическа(хромозомна)карта, цитоплазматическа(извънядрена)наследственост, генетически основи на онтогенеза, генетика на популациите, |
| УДК код - определител по УДК | 575.1 |
| УДК определител | (02.062) |
| УДК - код + определител | 575.1(02.062) |
| 100 1# - Редна дума - Автор | |
| Автор | Уотсън, Джеймс Д. |
| Авторска отговорност | първи автор |
| R(LIN) | 277808 |
| 139 ## - Редно поле | |
| Редна дума | Уотсън, Джеймс Д. |
| Авторски знак | Уор - У 70 |
| 245 10 - Сведения за заглавието | |
| Заглавие | Двойната спирала |
| Подзаглавни данни | Разказ за откриването структурата на ДНК |
| Редно поле (дума) | Джеймс Д. Уотсън; прев. от англ. Борис Стефанов Дамянов. |
| 257 ## - Страна на издаване | |
| Страна на създаване/издаване | Съединени американски щати |
| 260 ## - Област на издателските данни | |
| Име на издателя, разпространителя и проч. | Земиздат |
| Година на издаване | 1975 |
| Печатница | Хасково : Ат. Стратиев |
| Място на издаване, разпространение и проч. | София |
| 300 ## - Физическа характеристика | |
| Страници | 147 с. |
| Илюстрации и др. | с ил. |
| Размери/Мащаб | 20 см |
| 380 ## - Жанр | |
| Жанр | Естествени науки. Математика |
| 500 ## - Общи забележки | |
| Забележка | Ориг. загл. The Double Helix / James D. Watson. - 20 100 тир. |
| 650 #4 - Допълнително описание по предмет – тема | |
| Основно описание – тема или топоним | Наследственост |
| 9 (RLIN) | 163545 |
| 650 #4 - Допълнително описание по предмет – тема | |
| Основно описание – тема или топоним | Молекулярна биология |
| 9 (RLIN) | 261142 |
| 650 #4 - Допълнително описание по предмет – тема | |
| Основно описание – тема или топоним | Биохимия |
| 9 (RLIN) | 148751 |
| 653 ## - Ключова дума – ненормативна | |
| Ключова дума | ДНК |
| 653 ## - Ключова дума – ненормативна | |
| Ключова дума | наследственост |
| 653 ## - Ключова дума – ненормативна | |
| Ключова дума | молекулярна биология |
| 653 ## - Ключова дума – ненормативна | |
| Ключова дума | биохимия |
| 700 ## - Други автори (авторска отговорност) | |
| Лично име | Дамянов, Борис Стефанов |
| 9 (RLIN) | 315591 |
| 852 ## - Местоположение | |
| Форматна сигнатура | Цб 75464 |
| Фондова буква | Хранилище |
| 856 4# - Електронен адрес и достъп | |
| Електронен формат | pdf - файл |
| 856 4# - Електронен адрес и достъп | |
| Електронен формат | pdf - файл |
| 999 ## - СИСТЕМНИ КОНТРОЛНИ НОМЕРА | |
| Koha biblionumber | 185420 |
| Koha biblioitemnumber | 185420 |
| 942 ## - АРТИКУЛИ | |
| Вид на библиотечния материал | Книги |
| Скрит в OPAC | Не |
| Koha issues (borrowed), all copies | 1 |
| Периодичен библиозапис | Да |
| 944 ## - СЪЗДАВАНЕ И РЕДАКЦИЯ на ЗАПИСА | |
| Създаване/Редакция | Създаване |
| Дата на регистрацията/редакция | 25.10.2016 |
| Статус, дата на статуса | Геновева Генчева |
| Служител, извършил регистрацията/редакцията | 30560 |
| 944 ## - СЪЗДАВАНЕ И РЕДАКЦИЯ на ЗАПИСА | |
| Създаване/Редакция | Редакция |
| Дата на регистрацията/редакция | 23.11.2016 |
| Статус, дата на статуса | ф / |
| Служител, извършил регистрацията/редакцията | Людмила_Стоянова |
| 944 ## - СЪЗДАВАНЕ И РЕДАКЦИЯ на ЗАПИСА | |
| Създаване/Редакция | Редакция |
| Дата на регистрацията/редакция | 2022-09-26 |
| Статус, дата на статуса | 2022-09-26 |
| Служител, извършил регистрацията/редакцията | Микаела Микова-Илиева |
| 999 ## - СИСТЕМНИ КОНТРОЛНИ НОМЕРА | |
| Koha biblioitemnumber | 185420 |
| Код за отписване | Код за изгубен артикул | Източник на класификационната схема | Код за повреда | Коз за рестрикции | Код за отдаване | Артикулен № | Име на библиотеката - собственик | Име на библиотеката, в която се намира в момента | Статус (Текущо местоположение) | Дата на вписване в системата | Местоположение - отдел | Цена в лева | Инвентарен номер | Систематично азбучна сигнатура | Баркод | Номер на екземпляра | Цена в евро | Служебна бележка | Служебен тип на артикула |
|---|---|---|---|---|---|---|---|---|---|---|---|---|---|---|---|---|---|---|---|
| Изтеглен | Не е изгубен | Universal Decimal Classification | Не е повреден | без рестрикции | заемане за дома | 321318 | Регионална библиотека "Любен Каравелов" Русе | Регионална библиотека "Любен Каравелов" Русе | Заемна - подръчен фонд | 2016-10-25 | Заемна - подръчен фонд | 12.00 | 120000805272 | П 577/У 70 | 120000805272 | 1 | 6.14 | Дост: DA Вид: А N: 37 Дата: 25.10.2016 Дата инв: 02.02.2018 Бележки инв: П2018 | Книги |
| Не е изгубен | Universal Decimal Classification | Не е повреден | без рестрикции | ползва се в читалня | 321319 | Регионална библиотека "Любен Каравелов" Русе | Регионална библиотека "Любен Каравелов" Русе | Хранилище | 1975-01-01 | Хранилище | 0.52 | 181663 | Цб 75464 | 120000181663 | 2 | 0.27 | Дост: Dp Вид: Д N: стар фонд Дата: 01.01.1975 | Книги |